000 00738nam a2200229Ii 4500
003 JO-AjNU
008 230605s9999||||xx |||||||||||||| ||und||
017 _a2005/7/1645
020 _a9957-02-199-0
040 _aJO-AjNU
_bara
_erda
_cJO-AjNU
041 _aara
050 1 4 _aPJ7846.A755.Z84 2006
100 3 _aتأليف القصيري،فيصل صالح,
_eauthor
_924375
245 0 0 _aبنية القصيدة في شعر عز الدين المناصرة
250 _aط1
264 3 1 _aعمان:دار مجدلاوي،2006
300 _a255ص
336 _atext
_btxt
_2rdacontent
337 _aunmediated
_bn
_2rdamedia
338 _avolume
_bnc
_2rdacarrier
650 4 _aالشعر العربي - تحليل ونقد 
_924376
999 _aA8966
_c12534
_d12534